00875nam a2200217Ia 450000500170000000800410001708200200005811000450007824501150012325000190023830000440025760000470030161000590034865000420040765000410044926400440049033600270053433700330056133800280059404000350062220220317001238.0160825s1997 ck a g 000 0 spa 04aR 708.074bB31n2 aBiblioteca Luis Ángel Arango. Bogotá10aNúñez en los muros de Chile y de Colombiabalquimia (el arte en las calles)cBiblioteca Luis Angel Arango a1a. edición  a[15] páginas bilustraciones c28 cm 14aNuñez, GuillermoxTrabajos pictóricos 2 aBiblioteca Luis Ángel Arango (Bogota)xExposiciones 142LEMBaPintores chilenosvExposiciones14aLEMB 2Pintura chilenavExposiciones aBogotábBanco de la Repúblicac1997 atextobtxt2rdacontent asin mediaciónbn2rdamedia avolumenbnc2rdacarrier aCO-BoRNBPbspaerdacCO-BoRNBP